Building a better India : (Record no. 96290)
[ view plain ]
| 000 -LEADER | |
|---|---|
| fixed length control field | 01109nam a22002777a 4500 |
| 005 - DATE AND TIME OF LATEST TRANSACTION | |
| control field | 20230301114906.0 |
| 010 ## - LCCN (DPL NO) | |
| LC control number | 1516EN07 ENG-114687 ENG-136085 |
| 020 ## - INTERNATIONAL STANDARD BOOK NUMBER | |
| Terms of availability | 695.00 |
| International Standard Book Number | 9788174369956 |
| 035 ## - SYSTEM CONTROL NUMBER | |
| System control number | EN-98219 |
| 035 ## - SYSTEM CONTROL NUMBER | |
| System control number | B-604030-040 |
| 035 ## - SYSTEM CONTROL NUMBER | |
| System control number | B-667405 |
| 035 ## - SYSTEM CONTROL NUMBER | |
| System control number | EN-119617 |
| 037 ## - SOURCE OF ACQUISITION | |
| Source of stock number/acquisition | Aakar/ven |
| Stock number | DPL |
| 037 ## - SOURCE OF ACQUISITION | |
| Source of stock number/acquisition | DBAD/PUB |
| 082 ## - DEWEY DECIMAL CLASSIFICATION NUMBER | |
| Classification number | 330.954 |
| 245 ## - TITLE STATEMENT | |
| Title | Building a better India : |
| Remainder of title | Hindustan Times Leadership Summit |
| 260 ## - PUBLICATION, DISTRIBUTION, ETC. (IMPRINT) | |
| Name of publisher, distributor, etc | Roli Books |
| Date of publication, distribution, etc | 2014 |
| Place of publication, distribution, etc | New Delhi |
| 270 ## - ADDRESS | |
| Address | M-75, G.K. II Market |
| City | New Delhi |
| Postal code | 110048 |
| 300 ## - PHYSICAL DESCRIPTION | |
| Extent | 272p. |
| Dimensions | 23cm(Hb) |
| 650 ## - SUBJECT ADDED ENTRY--TOPICAL TERM | |
| Topical term or geographic name as entry element | Economic history |
| Chronological subdivision | 1990- |
| Form subdivision | Congresses. |
| 650 ## - SUBJECT ADDED ENTRY--TOPICAL TERM | |
| Topical term or geographic name as entry element | World politics |
| Chronological subdivision | 1989- |
| Form subdivision | Congresses. |
| 710 ## - ADDED ENTRY--CORPORATE NAME | |
| Corporate name or jurisdiction name as entry element | Hindustan Times |
| 942 ## - ADDED ENTRY ELEMENTS (KOHA) | |
| Source of classification or shelving scheme | Dewey Decimal Classification |
| Item type | English Books |
| Call number suffix | BUI |
| Classification part | 330.954 |
| Withdrawn status | Lost status | Not for loan | Collection code | Home library | Current library | Date acquired | Source of acquisition | Cost, normal purchase price | Full call number | Barcode | Copy number | Cost, replacement price | Koha item type |
|---|---|---|---|---|---|---|---|---|---|---|---|---|---|
| Non-fiction | Ashok Vihar | Ashok Vihar | 20/07/2017 | BPPD/EN/2015-16/AV/16-17/386/15.2.2017/I-3330/1.3.2017/ 17.3.2017 | 695.00 | 330.954 BUI | B-667405 | 1 | 695.00 | English Books | |||
| Non-fiction | Bawana | Bawana | 01/08/2016 | I-1233/29.9.2015/109/16.9.2015/15.10.2015 | 695.00 | 330.954 BUI | B-604039 | 1 | 695.00 | English Books | |||
| Non-fiction | Central Library | Central Library | 01/08/2016 | I-1233/29.9.2015/109/16.9.2015/15.10.2015 | 695.00 | 330.954 BUI | B-604030 | 1 | 695.00 | English Books | |||
| Not For Loan | Non-fiction | D.B.Act.Division | D.B.Act.Division | 29/12/2015 | DBAD/PUB | 695.00 | 330.954 BUI | EN-98219 | 1 | 695.00 | English Books | ||
| Non-fiction | Janak Puri | Janak Puri | 01/08/2016 | I-1233/29.9.2015/109/16.9.2015/15.10.2015 | 695.00 | 330.954 BUI | B-604035 | 1 | 695.00 | English Books | |||
| Non-fiction | Kadipur | Kadipur | 01/02/2023 | DBAD/PUB | 695.00 | 330.954 BUI | EN-119617 | 1 | 695.00 | English Books | |||
| Non-fiction | Karol Bagh | Karol Bagh | 01/08/2016 | I-1233/29.9.2015/109/16.9.2015/15.10.2015 | 695.00 | 330.954 BUI | B-604037 | 1 | 695.00 | English Books | |||
| Non-fiction | Kasturba Gandhi Marg | Kasturba Gandhi Marg | 01/08/2016 | I-1233/29.9.2015/109/16.9.2015/15.10.2015 | 695.00 | 330.954 BUI | B-604033 | 1 | 695.00 | English Books | |||
| Non-fiction | Narela | Narela | 01/08/2016 | I-1233/29.9.2015/109/16.9.2015/15.10.2015 | 695.00 | 330.954 BUI | B-604038 | 1 | 695.00 | English Books | |||
| Non-fiction | New Police Line | New Police Line | 01/08/2016 | I-1233/29.9.2015/109/16.9.2015/15.10.2015 | 695.00 | 330.954 BUI | B-604031 | 1 | 695.00 | English Books | |||
| Non-fiction | Patel Nagar | Patel Nagar | 01/08/2016 | I-1233/29.9.2015/109/16.9.2015/15.10.2015 | 695.00 | 330.954 BUI | B-604032 | 1 | 695.00 | English Books | |||
| Non-fiction | Peshwa Road | Peshwa Road | 01/08/2016 | I-1233/29.9.2015/109/16.9.2015/15.10.2015 | 695.00 | 330.954 BUI | B-604034 | 1 | 695.00 | English Books | |||
| Non-fiction | Sarojini Nagar | Sarojini Nagar | 01/08/2016 | I-1233/29.9.2015/109/16.9.2015/15.10.2015 | 695.00 | 330.954 BUI | B-604036 | 1 | 695.00 | English Books | |||
| Non-fiction | Shahdara Branch | Shahdara Branch | 01/08/2016 | I-1233/29.9.2015/109/16.9.2015/15.10.2015 | 695.00 | 330.954 BUI | B-604040 | 1 | 695.00 | English Books |
